000 00710nam a2200241Ia 4500
003 OSt
005 20220926033917.0
006 a|||||r|||| 00| 0
007 ta
008 220923b |||||||| |||| 00| 0 eng d
037 _cGeneral Book
040 _aRTL
_cRTL
_beng
041 _2eng
_aeng
082 _aY7, K3\TD
100 _aLevi-Strauss C Au.
_9339727
245 0 _aStuctural Anthropology
260 _aVictoria
_bPenguins Books
_c1963
300 _axx,410 p.
_ccm.
700 _a Jacobson Claire Tr.
_9339728
700 _a Schoepf B G Tr.
_9339729
942 _hY7, K3\TD
_cGB
_2CC
999 _c658272
_d658272